| 000 | 00480nam a2200181Ia 4500 | ||
|---|---|---|---|
| 008 | 230711s9999||||xx |||||||||||||| ||und|| | ||
| 020 | _a978-93-84588-10-6 | ||
| 041 | _aENG | ||
| 082 |
_a621.82 _bJA-A |
||
| 100 | _aJadon,V.K | ||
| 245 | 0 | _aAnalysis and Design of Machine Elements | |
| 250 | _a2nd Ed. | ||
| 260 |
_c2015 _aNew Delhi _bI.K.International Publishing House Pvt.Ltd |
||
| 300 | _a982p. | ||
| 650 | _aMechanical Engineering | ||
| 700 | _aVerma,Suresh | ||
| 942 | _cBK | ||
| 999 |
_c6638 _d6638 |
||